000 01156cam a2200361 a 4500
001 51300
005 20230410120811.0
008 020307s2000 bl a b 000 0 por
010 _a 2001299596
035 _a(OCoLC)ocm47652368
040 _aDLC
_cDLC
020 _a8521903804
020 _a9788521903802
035 _a(OCoLC)47652368
041 1 _apor
_hfre
042 _alcode
043 _as-bl---
050 1 4 _aHV6893.5
_b.P426v 2000
082 0 0 _a303.6/0981
_222
100 1 _aPeralva, Angelina.
240 1 0 _aViolence et démocratie.
_lPortuguese
245 1 0 _aVioléncia e democracia :
_bo paradoxo brasileiro /
_cAngelina Peralva ; [prefácio de Alain Touraine].
260 _aSäao Paulo, SP :
_bPaz e Terra,
_c[2000]
300 _a217 p. :
_bill. ;
_c21 cm.
500 _aOriginally published: Violence et démocratie : le paradoxe brésilien. Paris : Balland, c2001.
504 _aIncludes bibliographical references (p. 203-217).
650 0 _aViolent crimes
_zBrazil.
650 0 _aViolence
_xSocial aspects
_zBrazil.
650 0 _aDemocracy
_zBrazil.
942 _2lcc
_cbk
994 _aC0
_bDRFGD
946 _aLspaulino
999 _c52141
_d52141